[Event "AUTO-ADV-3678"]
[Site "http://www.queenalice.com/game.php?id=1458806"]
[Date "2017.1.10"]
[Round "2"]
[White "Paulobraz"]
[Black "Sepling"]
[Result "1/2-1/2"]
[WhiteElo "1855"]
[BlackElo "2010"]

1. g3 d5 2. Bg2 e6 3. e3 h6 4. Ne2 a6 5. c3 Bd7 6. O-O Nf6 7. d4 Bd6 8. Nd2 Nc6
9. Nf3 Nh7 10. Nf4 Qf6 11. Nh5 Qe7 12. Nxg7+ Kd8 13. Nh5 Na7 14. a4 Bc6 15. Nh4
Kd7 16. b4 b5 17. axb5 Bxb5 18. Re1 Nc8 19. e4 dxe4 20. Bxh6 f5 21. Ng6 Qe8 22.
Nxh8 Qxh8 23. Bf4 Bxf4 24. Nxf4 Nf6 25. h3 Nd6 26. Qb3 Nc4 27. Bf1 Nd5 28. Bxc4
Nxf4 29. Bxb5+ Ke7 30. gxf4 Qxh3 31. Re3 Rg8+ 32. Rg3 Rxg3+ 33. fxg3 Qxg3+ 34.
Kf1 Qxf4+ 35. Ke1 Qg3+ 36. Kd2 axb5 37. Re1 Qg5+ 38. Kd1 e3 39. Qc2 f4 40. Qe2
Qf5 41. Qc2 Qf6 42. Qd3 Qg5 43. Kc2 Qd5 44. Kb2 e5 45. Rg1 e4 46. Qe2 Qf5 47.
Rf1 Qg5 48. Re1 Kd6 49. Qh2 Kd5 50. Rg1 Qf5 51. Rf1 f3 52. Qxc7 e2 53. Rh1 f2
54. Qc5+ Ke6 55. d5+ Kf6 56. Qd6+ Kf7 57. Qc7+ Kf6 58. Rh6+ Kg5 59. Qh2 Qg4 60.
Qxf2 Kxh6 61. d6 Qf3 62. Qh4+ Kg6 63. d7 Qd3 64. d8=Q Qxd8 65. Qxe4+ Kf7 66.
Qxe2 Qd5 1/2-1/2

[Event "AUTO-ADV-3678"]
[Site "http://www.queenalice.com/game.php?id=1458808"]
[Date "2017.1.10"]
[Round "2"]
[White "Wecker"]
[Black "Sepling"]
[Result "0-1"]
[WhiteElo "1810"]
[BlackElo "2137"]

1. f4 d5 2. Nf3 a6 3. g3 Nc6 4. Bg2 Bf5 5. d3 e6 6. Nbd2 Nf6 7. b3 Bc5 8. Bb2
Ng4 9. d4 Bd6 10. Ne5 Ne3 0-1

[Event "AUTO-ADV-3684"]
[Site "http://www.queenalice.com/game.php?id=1459746"]
[Date "2017.1.16"]
[Round "2"]
[White "worldwide"]
[Black "Sepling"]
[Result "0-1"]
[WhiteElo "1908"]
[BlackElo "2120"]

1. Nf3 d6 2. d4 d5 3. g3 e6 4. Bg2 h6 5. Nc3 a6 6. Be3 Nc6 7. O-O Be7 8. Qd2 g5
9. Rad1 Bf6 10. a3 g4 11. Ne1 h5 12. f3 Na5 13. b3 Qe7 14. Qc1 Bd7 15. Nd3 Rc8
16. Nc5 Bc6 17. fxg4 b6 18. Nxa6 Bb7 19. Nb4 hxg4 20. Bf4 c5 21. Nba2 Bxd4+ 22.
Kh1 f5 23. Nb5 Rxh2+ 0-1

[Event "AUTO-ADV-3684"]
[Site "http://www.queenalice.com/game.php?id=1459747"]
[Date "2017.1.16"]
[Round "2"]
[White "Sepling"]
[Black "worldwide"]
[Result "0-1"]
[WhiteElo "2081"]
[BlackElo "2003"]

1. e4 b6 2. d3 Bb7 3. h3 e5 4. a3 Nf6 5. Nf3 Nc6 6. c3 Be7 7. Be3 d5 8. exd5
Nxd5 9. Qe2 Nxe3 10. Qxe3 h6 11. Nxe5 Nxe5 12. Qxe5 O-O 13. Be2 Bxg2 14. Rg1 Bf6
15. Qh5 Qd5 16. Qg4 Rfe8 17. Rxg2 Qxd3 18. Nd2 Rad8 19. Rd1 Bg5 20. Ne4 Qc2 21.
f4 Rxd1+ 22. Bxd1 Qxe4+ 23. Re2 Qh1+ 24. Kd2 Rd8+ 25. Ke3 Qxd1 26. fxg5 Re8+ 27.
Kf2 Qxe2+ 28. Qxe2 Rxe2+ 29. Kxe2 hxg5 30. Kf3 f5 31. Kg3 Kf7 32. Kf3 Ke6 33.
Ke3 Kd5 34. b3 b5 35. Kf3 a5 36. Ke3 c5 37. Kd3 c4+ 38. bxc4+ bxc4+ 39. Ke3 f4+
40. Kf3 a4 41. h4 gxh4 42. Kxf4 h3 43. Kg3 Ke4 0-1

[Event "AUTO-ADV-3684"]
[Site "http://www.queenalice.com/game.php?id=1459748"]
[Date "2017.1.16"]
[Round "2"]
[White "Paulsains"]
[Black "Sepling"]
[Result "0-1"]
[WhiteElo "1920"]
[BlackElo "2139"]

1. e4 e5 2. Nf3 d6 3. Be2 Be6 4. O-O a6 5. d3 h6 6. Be3 Be7 7. Nc3 Nf6 8. h3 c5
9. a3 Nc6 10. Na2 g5 11. Nh2 Qc7 12. c4 O-O-O 13. b4 Rhg8 14. b5 Nb8 15. Nc3 Qd7
16. b6 g4 17. hxg4 Nxg4 18. Nxg4 Bxg4 19. Bxg4 Rxg4 20. Nd5 Rdg8 21. g3 Bh4 22.
Kh2 Qd8 23. Rg1 Bxg3+ 24. Rxg3 Qh4+ 25. Kg2 Rxg3+ 26. fxg3 Qxg3+ 27. Kf1 Kd8 28.
Ra2 Qh3+ 29. Ke1 Qh1+ 30. Ke2 Rg2+ 31. Bf2 Rxf2+ 0-1

[Event "AUTO-ADV-3684"]
[Site "http://www.queenalice.com/game.php?id=1459749"]
[Date "2017.1.16"]
[Round "2"]
[White "Sepling"]
[Black "Paulsains"]
[Result "1/2-1/2"]
[WhiteElo "2122"]
[BlackElo "1950"]

1. e4 e5 2. Nf3 Nf6 3. d3 Nc6 4. c3 Be7 5. h3 O-O 6. Be3 d5 7. exd5 Nxd5 8. a3
Nxe3 9. fxe3 Bh4+ 10. Kd2 Bg3 11. Kc2 f5 12. Nbd2 Re8 13. Qe2 e4 14. Ne1 Qf6 15.
d4 a6 16. Qc4+ Be6 17. d5 Ne5 18. Qb3 Bd7 19. Qxb7 Rec8 20. Qb4 a5 21. Qd4 c5
22. Nxe4 fxe4 23. Qd2 Qf2 24. Be2 Rcb8 25. Rb1 Qf6 26. Rf1 Qd6 27. c4 Rb6 28.
Kc1 Be8 29. Nc2 Bg6 30. a4 Qb8 31. Na3 Rb4 32. d6 Nd7 33. Qd5+ Kh8 34. Bg4 Be8
35. Qxe4 Bg6 36. Bf5 Bxf5 37. Qxf5 Qxd6 38. Rd1 Qe5 39. Qxd7 Qxe3+ 40. Qd2 Qxd2+
41. Kxd2 Rxa4 42. Kc2 h6 43. Rd5 Bf2 44. Rf1 Bd4 45. Rf7 Rb8 46. Nb5 Rxc4+ 47.
Kd3 Rb4 48. Nc7 Rxb2 49. Ne6 Rxg2 50. Nxd4 Rc8 51. Nb5 c4+ 52. Kc3 Rg3+ 53. Kc2
Rxh3 54. Na7 Re8 55. Rxa5 Re2+ 56. Kd1 Rb2 57. Kc1 c3 58. Rf1 Rhh2 59. Ra1 Rbd2
60. Nb5 c2 61. Nc3 h5 62. Ra5 g6 63. Ra7 Rdf2 64. Re1 Rf8 65. Nd5 Rhf2 66. Ne7
R8f6 67. Nd5 Rf8 68. Ne7 1/2-1/2

[Event "AUTO-MASTER-2562"]
[Site "http://www.queenalice.com/game.php?id=1464094"]
[Date "2017.2.11"]
[Round "1"]
[White "pomar"]
[Black "Sepling"]
[Result "0-1"]
[WhiteElo "2045"]
[BlackElo "2117"]

1. f3 e5 2. Kf2 Bc5+ 3. e3 d5 4. c4 d4 5. Qb3 Nc6 6. g3 Rb8 7. Bd3 Bd7 8. a3 f5
9. Qc2 a5 10. Bxf5 Nh6 11. Bxh7 Qf6 12. Bg6+ Kd8 13. Ne2 Ng4+ 14. Kg2 dxe3 15.
dxe3 Nxe3+ 16. Bxe3 Bxe3 17. Nbc3 Bh3# 0-1

[Event "AUTO-MASTER-2562"]
[Site "http://www.queenalice.com/game.php?id=1464095"]
[Date "2017.2.11"]
[Round "1"]
[White "Sepling"]
[Black "pomar"]
[Result "0-1"]
[WhiteElo "2099"]
[BlackElo "2042"]

1. e4 e6 2. d3 d5 3. exd5 exd5 4. a3 Bd6 5. h3 Ne7 6. Nf3 c5 7. Be2 Nbc6 8. c3
Bf5 9. Be3 Qc7 10. Qd2 h6 11. g4 Bh7 12. a4 O-O 13. Na3 Na5 14. Bd1 Rfe8 15. Nb5
Qb6 16. b4 d4 17. Nfxd4 cxd4 18. cxd4 Bxb4 19. Qxb4 a6 20. Qd6 Qxd6 21. Nxd6
Reb8 22. Be2 Rd8 23. Nc4 Nec6 24. d5 Nb3 25. Rb1 Ncd4 26. Nb6 Rab8 27. Bf4 Re8
28. Bxb8 Nxe2 29. Rxb3 Nc1+ 30. Kd2 Nxb3+ 31. Kc3 Nc5 32. Bc7 Nxd3 33. d6 Nc5
34. a5 Be4 35. Re1 Bc6 36. Rd1 Nd7 37. Nc4 Re2 38. Bb6 Kf8 39. Be3 f6 40. Ra1
Kf7 41. Kd3 Bf3 42. Nd2 Ne5+ 43. Kd4 Bc6 44. Kc5 Ke6 45. Rd1 Nd7+ 46. Kb4 Kxd6
47. Nf3+ Kc7 48. Nd4 Ra2 49. Ne6+ Kc8 50. Nxg7 Ra4+ 51. Kb3 Rxa5 52. Bxh6 Nc5+
53. Kb4 Rb5+ 54. Kc4 Ne4 55. Ne6 Bd7 56. Nf8 Rc5+ 57. Kb3 Bc6 58. Ne6 Bd5+ 59.
Kb4 Rb5+ 60. Ka3 Bxe6 61. Rc1+ Kd7 62. Be3 Rb3+ 63. Ka4 Nc3+ 64. Ka5 Rb5# 0-1

[Event "AUTO-MASTER-2562"]
[Site "http://www.queenalice.com/game.php?id=1464106"]
[Date "2017.2.11"]
[Round "1"]
[White "Zanocovsky"]
[Black "Sepling"]
[Result "1-0"]
[WhiteElo "1981"]
[BlackElo "2004"]

1. d4 d5 2. c4 dxc4 3. Nf3 c6 4. Nc3 b5 5. e4 e6 6. Bg5 f6 7. Be3 b4 8. Na4 c3
9. bxc3 bxc3 10. Nxc3 Bb4 11. Qb3 Bxc3+ 12. Qxc3 Ne7 13. Bc4 a6 14. O-O Nd7 15.
Rfd1 Nb6 16. Bb3 Bd7 17. h3 h5 18. Rac1 h4 19. Qc5 Rb8 20. d5 cxd5 21. exd5 exd5
22. Re1 g5 23. Nd4 O-O 24. Bd2 Rf7 25. Ne6 Bxe6 26. Rxe6 Ng6 27. Rce1 Kg7 28.
Qd4 Kh6 29. Ba5 Nf4 30. Rxb6 1-0

[Event "AUTO-MASTER-2562"]
[Site "http://www.queenalice.com/game.php?id=1464107"]
[Date "2017.2.11"]
[Round "1"]
[White "Sepling"]
[Black "Zanocovsky"]
[Result "0-1"]
[WhiteElo "1987"]
[BlackElo "1998"]

1. e4 c5 2. Bc4 e6 3. d3 d5 4. exd5 exd5 5. Bb3 Nf6 6. h3 Be6 7. Qe2 Be7 8. Bd2
O-O 9. c3 Nbd7 10. Bc2 Qc7 11. a3 Rfe8 12. Be3 Rad8 13. Nf3 Bd6 14. Nbd2 Bf5 15.
Nh4 Rxe3 16. fxe3 Bg3+ 17. Kd1 Bxh4 18. g4 Bg6 19. Rg1 Re8 20. Qg2 Rxe3 21. Nf3
Rxf3 22. Qxf3 Bg5 23. Qe2 h5 24. h4 Bxh4 25. g5 Ng4 26. Qd2 d4 27. c4 Qe5 28.
Bb3 Nf2+ 29. Kc1 Nxd3+ 30. Kd1 Nb6 31. Ba2 Na4 0-1

[Event "AUTO-MASTER-2562"]
[Site "http://www.queenalice.com/game.php?id=1464112"]
[Date "2017.2.11"]
[Round "1"]
[White "Donyelko"]
[Black "Sepling"]
[Result "1-0"]
[WhiteElo "2133"]
[BlackElo "1823"]

1. e4 e5 2. Nf3 d6 3. h3 a6 4. Nc3 h6 5. d4 exd4 6. Nxd4 c5 7. Nf5 Bxf5 8. exf5
Be7 9. Bf4 Qb6 10. Nd5 Qc6 11. Nxe7 Nxe7 12. f6 Qe4+ 13. Qe2 Qxe2+ 14. Bxe2 gxf6
15. Bxd6 Nd7 16. O-O-O Nc6 17. Rhe1 O-O-O 18. Bg4 h5 19. Bxd7+ Rxd7 20. Bxc5
Rxd1+ 21. Rxd1 h4 22. f3 Rg8 23. Rd2 Re8 24. Bf2 Rh8 25. Rd5 Rg8 26. Bxh4 Rxg2
27. Bxf6 Rg3 28. Rf5 Rxh3 29. Bg7 Nd8 30. b3 Ne6 31. Be5 Rh7 32. Kb2 Kd7 33. Rf6
Ke8 34. f4 Nc5 35. Rb6 Rh2 36. Kc3 Re2 37. Bd4 Ne6 38. Rxb7 Nxf4 39. Ra7 Ne6 40.
Rxa6 f5 41. Ra5 f4 42. Re5 f3 43. Rxe2 fxe2 44. Bf2 Nc5 45. Kd2 Ne4+ 46. Kxe2
Nc3+ 47. Kd3 Nxa2 48. Be1 Kd7 49. c4 Nc1+ 50. Kc2 Ne2 51. b4 Nd4+ 52. Kd3 Ne6
53. Bg3 1-0

[Event "AUTO-MASTER-2562"]
[Site "http://www.queenalice.com/game.php?id=1464113"]
[Date "2017.2.11"]
[Round "1"]
[White "Sepling"]
[Black "Donyelko"]
[Result "0-1"]
[WhiteElo "2119"]
[BlackElo "2086"]

1. e4 c5 2. Bc4 e6 3. d3 Nc6 4. c3 Na5 5. Be3 Nxc4 6. dxc4 b6 7. h3 Nf6 8. f3
Be7 9. Ne2 O-O 10. Nd2 Re8 11. Qc2 d5 12. e5 Nd7 13. f4 Bb7 14. Rg1 f6 15. exf6
Bxf6 16. O-O-O e5 17. f5 d4 18. Bf2 e4 19. Bxd4 cxd4 20. cxd4 Rc8 21. c5 bxc5
22. Qb3+ Kh8 23. Qxb7 cxd4+ 24. Kb1 d3 25. Nxe4 Rb8 26. Nd6 Rxb7 27. Nf7+ Kg8
28. Nxd8 Rxb2+ 29. Kc1 Rexe2 30. Rxd3 Bg5+ 31. Kd1 Red2+ 32. Rxd2 Rxd2+ 33. Ke1
Ne5 34. Ne6 Nd3+ 35. Kf1 Rf2# 0-1

[Event "AUTO-OPEN-3779"]
[Site "http://www.queenalice.com/game.php?id=1469590"]
[Date "2017.3.20"]
[Round "1"]
[White "chessman"]
[Black "Sepling"]
[Result "1-0"]
[WhiteElo "1854"]
[BlackElo "1961"]

1. e4 e5 2. Nf3 d6 3. d4 exd4 4. Nxd4 a6 5. Nc3 c6 6. Be2 h6 7. O-O Be7 8. f4
Bd7 9. Bf3 c5 10. Nb3 Nc6 11. Re1 Nf6 12. e5 dxe5 13. fxe5 Nh7 14. Qe2 O-O 15.
Bd5 Rc8 16. e6 fxe6 17. Bxe6+ Kh8 18. Bxd7 Qxd7 19. Be3 Ne5 20. Rad1 Qc6 21. Nd5
Bd6 22. Kh1 c4 23. Na5 Qb5 24. Bb6 Rf7 25. b3 cxb3 26. cxb3 1-0

[Event "AUTO-OPEN-3779"]
[Site "http://www.queenalice.com/game.php?id=1469612"]
[Date "2017.3.20"]
[Round "1"]
[White "Sepling"]
[Black "VamosJogar"]
[Result "0-1"]
[WhiteElo "1904"]
[BlackElo "1999"]

1. e4 e5 2. Bc4 Nf6 3. d3 d5 4. exd5 Nxd5 5. a3 Be6 6. h3 Bc5 7. Nf3 a6 8. Nxe5
Qf6 9. Nf3 h6 10. d4 Ba7 11. c3 Nxc3 12. Nxc3 c6 13. Bxe6 Qxe6+ 14. Be3 Qf6 15.
Ne4 Qd8 16. Qb3 b5 17. O-O a5 18. Qc2 Qc7 19. Ng3 O-O 20. Nf5 g6 21. Nxh6+ Kg7
0-1

[Event "AUTO-OPEN-3779"]
[Site "http://www.queenalice.com/game.php?id=1469613"]
[Date "2017.3.20"]
[Round "1"]
[White "VamosJogar"]
[Black "Sepling"]
[Result "1-0"]
[WhiteElo "2011"]
[BlackElo "1892"]

1. d4 d5 2. Nc3 Bf5 3. Nf3 e6 4. e3 a6 5. Bd3 Bg4 6. O-O Nc6 7. h3 Bh5 8. g4 Bg6
9. Bxg6 hxg6 10. Kg2 Bd6 11. Rh1 Nf6 12. Bd2 Nh7 13. e4 dxe4 14. Nxe4 Be7 15.
Bf4 g5 16. Be3 Qd5 17. Nc3 Qd7 18. Qd2 f6 19. Ne4 O-O-O 20. c3 Qe8 21. Qc2 Nb8
22. c4 1-0

[Event "AUTO-OPEN-3779"]
[Site "http://www.queenalice.com/game.php?id=1469614"]
[Date "2017.3.20"]
[Round "1"]
[White "Sepling"]
[Black "Aspayne"]
[Result "0-1"]
[WhiteElo "1971"]
[BlackElo "2110"]

1. e4 Nf6 2. e5 Nd5 3. c4 Nb6 4. Nc3 d6 5. exd6 exd6 6. h3 Nc6 7. Nf3 Be7 8. a3
Bf5 9. d3 O-O 10. Be3 d5 11. Bxb6 axb6 12. cxd5 Na7 13. Be2 Bf6 14. d4 Re8 15.
O-O Nc8 16. Bd3 Nd6 17. Bxf5 Nxf5 18. Qd3 Nd6 19. Rad1 Ra5 20. a4 c6 21. b4 Ra8
22. dxc6 bxc6 23. Ne5 Qc7 24. Ng4 Be7 25. Rc1 Qb7 26. Rb1 Kh8 27. Qf3 Nc4 28.
Rfd1 Bg5 29. b5 Nd2 30. Qf5 Nxb1 31. Rxb1 Qe7 32. bxc6 Bd2 33. Nd5 Qe4 34. Qxe4
Rxe4 35. Nxb6 Ra7 36. Ne3 Rxd4 37. Nbd5 g6 38. c7 Rxc7 39. Nxc7 Bxe3 40. fxe3
Rxa4 41. Kf2 Kg7 42. Rb7 Re4 43. Kf3 Re7 44. e4 h5 45. Kf4 f6 46. h4 Kh6 47. g3
g5+ 48. hxg5+ fxg5+ 49. Kf5 Rf7+ 50. Ke6 Rf3 51. Ke5 Rxg3 52. Rb6+ Kg7 53. Ne6+
Kh7 54. Rb7+ Kh6 55. Nf8 g4 56. Rh7+ Kg5 57. Ne6+ Kg6 58. Rh8 Ra3 59. Nf4+ Kf7
60. Rxh5 g3 61. Kf5 Ra2 0-1

[Event "AUTO-OPEN-3779"]
[Site "http://www.queenalice.com/game.php?id=1469615"]
[Date "2017.3.20"]
[Round "1"]
[White "Aspayne"]
[Black "Sepling"]
[Result "1-0"]
[WhiteElo "2139"]
[BlackElo "2039"]

1. e4 e5 2. Nf3 d6 3. d4 exd4 4. Nxd4 c5 5. Nf3 a6 6. Nc3 h6 7. Bf4 Be6 8. Be2
Be7 9. Nd5 Bxd5 10. exd5 Nd7 11. O-O Ngf6 12. Qd3 Nh7 13. Rae1 g5 14. Bd2 g4 15.
Nd4 cxd4 16. Bxh6 Nhf6 17. Bf4 Qb6 18. Qf5 Rg8 19. Bd3 Nc5 20. Qxf6 O-O-O 21.
Rxe7 Nxd3 22. cxd3 Kb8 23. Qxf7 Rgf8 24. Bxd6+ Ka8 25. Rxb7 Rxf7 26. Rxb6 Rfd7
27. Bg3 Ka7 28. Rg6 Rxd5 29. Rxg4 Rc8 30. h4 Rc2 31. Re1 Rxb2 32. Re7+ Kb6 33.
Rg6+ Ka5 34. Ra7 Kb4 35. Rb6+ Kc3 36. Rc7+ 1-0